| 000 | 00876nam a2200217Ia 4500 | ||
|---|---|---|---|
| 003 | IN-BaIIA | ||
| 008 | 211028s9999 xx 000 0 eng d | ||
| 020 | _a0-8194-0166-8 | ||
| 040 | _cIIA Library | ||
| 080 |
_a535(082.1) _bSPI-1130 |
||
| 111 |
_aSociety of Photo-Optical Instrumentation Engineers Conference _cFrance _d1989 Apr. 25-26 _917091 |
||
| 245 | 0 |
_aNew technologies for astronomy _bproceedings of the SPIE held in Paris, France, on 25-26 April 1989 _cedited by Jean-Pierre Swings |
|
| 260 |
_aWashington _bSociety of Photo-Optical Instrumentation Engineers _c1989 |
||
| 300 | _aviii, 228p. | ||
| 490 | _aSPIE proceedings series; v. 1130 | ||
| 650 |
_aAstronomical techniques _91786 |
||
| 650 |
_aAstronomy _980 |
||
| 650 | _aAstronomy and Astrophysics Thesaurus | ||
| 700 |
_aSwings, Jean-Pierre, ed. _915126 |
||
| 942 | _cBK | ||
| 999 |
_c10099 _d10099 |
||